| 000 | 01091nam a2200277 i 4500 | ||
|---|---|---|---|
| 003 | EG-ScBUE | ||
| 005 | 20240213103013.0 | ||
| 008 | 110906s1977 ua f b 000 0 ara d | ||
| 017 | _a1977 / 4262 | ||
| 020 | _a9772013584 | ||
| 040 |
_aEG-ScBUE _bara _erda _cEG-ScBUE _dEG-ScBUE |
||
| 043 | _af-ua--- | ||
| 082 | 0 | 4 |
_222 _a962.04 _bر م ض |
| 100 | 1 |
_916116 _aرمضان، عبد العظيم، _d1925-2007، _eمؤلف. |
|
| 245 | 1 | 2 |
_aالجيش المصري في السياسة 1882-1936 / _cد. عبد العظيم رمضان. |
| 264 | 1 |
_aالقاهرة : _bالهيئة المصرية العامة للكتاب، _c1977. |
|
| 300 |
_a353 ص ؛ _c24 سم |
||
| 336 |
_2rdacontent _aنص _btxt |
||
| 337 |
_aبدون وسيط _2rdamedia _bn |
||
| 338 |
_aمجلد _bnc _2rdacarrier |
||
| 504 | _aيشتمل على إرجاعات ببليوجرافية. | ||
| 651 | 7 |
_926272 _aمصر _xالجيش _xتاريخ. _2BUEsh |
|
| 651 | 7 |
_911380 _aمصر _xتاريخ _yالعصر الحديث _yالاحتلال البريطاني (1882-1956). _2BUEsh |
|
| 655 | _vReading book | ||
| 942 |
_2ddc _cBB |
||
| 999 |
_c15963 _d15963 |
||